000 00615nam a2200181Ia 4500
005 20250423094621.0
008 250422s9999 xx 000 0 und d
020 _a9780691172248
050 _aHV 6433.N62 .T48/
100 _aThurston, Alexander
245 0 _aBoko Haram: the history of African jihadist movement
260 _aNew Jersey
260 _bPrinceton University Press
260 _c2020
300 _a333 p
650 _aBoko Haram. Terrorist organizations--Nigeria. Terrorism--Nigeria--Religious aspects--Islam. Islamic fundamentalism--Nigeria. Jihad. Islam and politics--Nigeria.
942 _cBK
999 _c27782
_d27782